|
|
|
|
| LEADER |
00000nam a22000007a 4500 |
| 005 |
2018110207077.0 |
| 007 |
cr|||| |||| |
| 008 |
181102s2016 co |||||s|||| 00||0 spa d |
| 020 |
|
|
|a 978-958-762-464-9
|
| 035 |
|
|
|a 22153
|
| 040 |
|
|
|a vLex
|
| 090 |
|
|
|c 8262
|d 8262
|
| 100 |
1 |
|
|a Diz Cruz, Evaristo
|
| 245 |
1 |
0 |
|a Estads̕tica bs̀ica, introduccin̤ a la estads̕tica con R
|h [Recurso electrn̤ico] /
|c Evaristo Diz Cruz
|
| 256 |
|
|
|a Servicio en ln̕ea
|
| 260 |
|
|
|a Bogot:̀
|b Ediciones de la U,
|c 2016
|
| 300 |
|
|
|a 1 recurso electrn̤ico
|
| 500 |
|
|
|a Este libro es una contribucin̤ ms̀ a los excelentes libros en Estads̕tica que ya existen en el mercado; pero con una orientacin̤ muy directa y clara al conocimiento de los conceptos bs̀icos y su aplicacin̤ inmediata. El libro est ̀estructurado en tres partes; una primera parte muy bs̀ica o introductoria que va desde el primer capt̕ulo hasta el sp̌timo. Una segunda parte constituida por los capt̕ulos ocho y nueve donde se trata de una manera ms̀ formal el tema de inferencia estads̕tica cubriendo Estimacin̤ y Pruebas de Hipt̤esis; y una tercera que son problemas resueltos en detalle (90 problemas) incluyendo el uso de lenguaje de programacin̤ en R para la solucin̤ de problemas ms̀ complejos, tanto del punto de vista del cl̀culo como de representacin̤ grf̀ica de resultados estads̕ticos fundamentales.
|
| 506 |
1 |
|
|a Disponible solo en los productos indicados
|d vLex Global
|d vLex Global (Academic Edition, excluding Law Schools)
|d vLex Global (U.S. Academic Edition, Law Schools)
|d vLex Global (U.S. Academic Edition, excluding Law Schools)
|d vLex Global (Academic Edition, Law Schools)
|
| 650 |
0 |
4 |
|a Economa̕ y negocios
|z Colombia
|
| 740 |
0 |
|
|a vLex Libros (Servicio en ln̕ea)
|
| 856 |
4 |
0 |
|u http://vlex.com/source/estadistica-basica-introduccion-a-la-estadistica-con-r-22153
|z Acceso restringido
|
| 942 |
|
|
|c BOOK
|
| 999 |
0 |
|
|a Economy and business
|